书目信息 |
| 题名: |
“坏”女人有人爱
|
|
| 作者: | 阿尔戈 , Argov 著 ;杨学梅 , 张素娟 译 | |
| 分册: | ||
| 出版信息: | 北京 中信出版社 2004.01 |
|
| 页数: | 264页 | |
| 开本: | 21cm | |
| 丛书名: | ||
| 单 册: | ||
| 中图分类: | B825-49 , B825 | |
| 科图分类: | ||
| 主题词: | 心理励志--女性魅力--通俗读物 , 心理励志 , 女性魅力 | |
| 电子资源: | ||
| ISBN: | 7-5086-0105-X | |
| 000 | 00963nam0 2200301 45 | |
| 001 | 012004000000 | |
| 005 | 20041020084138.45 | |
| 010 | @a7-5086-0105-X@dCNY 18.00 | |
| 100 | @a20040910d2004 em y0chiy0121 ea | |
| 101 | 1 | @achi@ceng |
| 102 | @aCN@b110000 | |
| 105 | @aa z 000yy | |
| 200 | 1 | @a“坏”女人有人爱@Ahuai nv ren you ren ai@dWhy men love bitches@f(美)谢里·阿尔戈(Sherry Argov)著@g杨学梅, 张素娟译@zeng |
| 210 | @a北京@c中信出版社@d2004.01 | |
| 215 | @a264页@c图@d21cm | |
| 300 | @a台湾金石堂书店上榜畅销书 亚马逊书店热卖 风糜全球的女性爱情指导 | |
| 510 | 1 | @aWhy men love bitches@zeng |
| 606 | 0 | @a心理励志@x女性魅力@j通俗读物 |
| 606 | 0 | @a心理励志 |
| 606 | 0 | @a女性魅力 |
| 690 | @aB825-49@v4 | |
| 690 | @aB825@v3 | |
| 701 | 1 | @a阿尔戈@Aa er ge@b谢里@4著 |
| 701 | A1 | @aArgov@bSherry@4著 |
| 702 | 0 | @a杨学梅@Ayang xue mei@4译 |
| 702 | 0 | @a张素娟@Azhang su juan@4译 |
| 801 | 0 | @aCN@bQSSKt@c20041020 |
| 905 | @a10447@dB825@eX450 | |
| “坏”女人有人爱=Why men love bitches/(美)谢里·阿尔戈(Sherry Argov)著/杨学梅, 张素娟译.-北京:中信出版社,2004.01 |
| 264页:图;21cm |
| 台湾金石堂书店上榜畅销书 亚马逊书店热卖 风糜全球的女性爱情指导 |
| ISBN 7-5086-0105-X:CNY 18.00 |
| ● |
| 相关链接 |
|
|
|
正题名:"坏"女人有人爱
索取号:B825/X450
 
预约/预借
| 序号 | 登录号 | 条形码 | 馆藏地/架位号 | 状态 | 备注 |
| 1 | 420926 | 204209267 | 社科库509/509社科库 30排2列1层/ [索取号:B825/X450] | 在馆 | |
| 2 | 420927 | 204209276 | 社科库509/509社科库 30排2列1层/ [索取号:B825/X450] | 在馆 | |
| 3 | 420928 | 204209285 | 社科库509/ [索取号:B825/X450] | 在馆 |